[Event "Krasnoyarsk Region-ch"]
[Site "Krasnoyarsk"]
[Date "2015.10.14"]
[Round "7"]
[White "Neizvestnykh, Vitalij"]
[Black "Isagov, Nariman"]
[Result "1/2-1/2"]
[WhiteElo "2155"]
[BlackElo "2044"]
[PlyCount "60"]
[EventDate "2015.10.??"]
[EventType "swiss"]
[EventRounds "11"]
[EventCountry "RUS"]
[SourceTitle "CBM 169 Extra"]
[Source "ChessBase"]
[SourceDate "2015.12.18"]
[SourceVersion "1"]
[SourceVersionDate "2015.12.18"]
[SourceQuality "1"]

1. Nf3 d6 2. d4 Nf6 3. g3 g6 4. Bg2 Bg7 5. 0-0 0-0 6. c4 Nc6 7. Nc3 Bf5 8. d5 Na5 9. Nd2 c5 10. e4 Bd7 11. Re1 a6 12. Bf1 Rb8 13. a4 e5 14. Be2 h5 15. Nf3 Qb6 16. Ra3 Bg4 17. Nd2 Bd7 18. Nf1 Kh7 19. Qc2 Bh6 20. f4 exf4 21. gxf4 Rbe8 22. Bd3 Qb4 23. Re2 Nxc4 24. Rb3 Bxa4 25. Nxa4 Qxa4 26. e5 dxe5 27. Bxg6+ Kh8 28. Rxb7 Qxc2 29. Rxc2 fxg6 30. Rxc4 Nxd5 1/2-1/2

[Event "Krasnoyarsk Region-ch"]
[Site "Krasnoyarsk"]
[Date "2015.10.09"]
[Round "2"]
[White "Isagov, Nariman"]
[Black "Sosnin, Mikhail"]
[Result "0-1"]
[WhiteElo "2044"]
[BlackElo "2068"]
[PlyCount "110"]
[EventDate "2015.10.??"]
[EventType "swiss"]
[EventRounds "11"]
[EventCountry "RUS"]
[SourceTitle "CBM 169 Extra"]
[Source "ChessBase"]
[SourceDate "2015.12.18"]
[SourceVersion "1"]
[SourceVersionDate "2015.12.18"]
[SourceQuality "1"]

1. d4 d5 2. c4 c6 3. Nf3 e6 4. g3 Nf6 5. Bg2 Be7 6. 0-0 0-0 7. Qc2 dxc4 8. Qxc4 b5 9. Qc2 Bb7 10. Rd1 a6 11. Ne5 Qb6 12. Nd2 Qxd4 13. Ndc4 Qa7 14. Na5 Qb6 15. Nxb7 Qxb7 16. Nxc6 Nxc6 17. Qxc6 Qxc6 18. Bxc6 Ra7 19. Bf4 Rc8 20. Rac1 h6 21. Be3 Rac7 22. Bb7 Rxc1 23. Bxc1 Rb8 24. Bf3 e5 25. Be3 e4 26. Bg2 Rc8 27. Rc1 Rd8 28. Kf1 Ng4 29. Bb6 Rb8 30. Bd4 Rd8 31. Bb6 Rd6 32. Rc8+ Bf8 33. Rxf8+ Kxf8 34. Bc5 Ke7 35. Bxe4 Nxh2+ 36. Ke1 Ng4 37. b4 Ne5 38. Bb7 Nd7 39. Bxd6+ Kxd6 40. Bxa6 Kc6 41. Bc8 Nb6 42. Bg4 Kd5 43. Bh5 g6 44. Bf3+ Kc4 45. Kd2 Kxb4 46. Kc2 Ka3 47. Bc6 b4 48. Be8 f6 49. Bxg6 Kxa2 50. Bf7+ Ka3 51. e4 Nd7 52. f4 h5 53. Bg8 Nc5 54. e5 fxe5 55. fxe5 Ne4 0-1

[Event "Novokuznetsk SFO-ch U17"]
[Site "Novokuznetsk"]
[Date "2014.11.10"]
[Round "9"]
[White "Kolychev, Maxim"]
[Black "Isagov, Nariman"]
[Result "1-0"]
[WhiteElo "1942"]
[BlackElo "1941"]
[PlyCount "71"]
[EventDate "2014.11.02"]
[EventType "swiss"]
[EventRounds "9"]
[EventCountry "RUS"]
[SourceTitle "CBM 163 Extra"]
[Source "ChessBase"]
[SourceDate "2014.12.23"]
[SourceVersion "1"]
[SourceVersionDate "2014.12.23"]
[SourceQuality "1"]

1. d4 d6 2. e4 Nf6 3. Nc3 e5 4. Nf3 Nbd7 5. Bc4 Be7 6. 0-0 0-0 7. Re1 c6 8. a4 exd4 9. Nxd4 Ne5 10. Ba2 Re8 11. f4 Ng6 12. h3 Bd7 13. Qd3 Qa5 14. Be3 Qb4 15. a5 c5 16. Ndb5 Red8 17. Bc4 d5 18. exd5 Bxb5 19. Nxb5 a6 20. c3 Qxb2 21. Rab1 Qxb1 22. Rxb1 axb5 23. Rxb5 Bd6 24. g3 Ne7 25. Bb3 Rac8 26. c4 Rc7 27. Bc2 Re8 28. Qb3 Ng6 29. Bf2 Ree7 30. Rb6 Ne8 31. h4 Nf8 32. Qd3 g6 33. Qb3 Red7 34. Qb2 Be7 35. Ba4 Bf6 36. Qb1 1-0

[Event "Novokuznetsk SFO-ch U17"]
[Site "Novokuznetsk"]
[Date "2014.11.07"]
[Round "6"]
[White "Isagov, Nariman"]
[Black "Shnajder, Mark"]
[Result "1-0"]
[WhiteElo "1941"]
[BlackElo "1884"]
[PlyCount "101"]
[EventDate "2014.11.02"]
[EventType "swiss"]
[EventRounds "9"]
[EventCountry "RUS"]
[SourceTitle "CBM 163 Extra"]
[Source "ChessBase"]
[SourceDate "2014.12.23"]
[SourceVersion "1"]
[SourceVersionDate "2014.12.23"]
[SourceQuality "1"]

1. e4 c5 2. d3 Nc6 3. f4 g6 4. Nf3 Bg7 5. Be2 e6 6. c3 Nge7 7. Be3 b6 8. 0-0 0-0 9. d4 cxd4 10. cxd4 d5 11. e5 Bb7 12. Nc3 Qd7 13. Rc1 Rac8 14. g4 Nb8 15. b4 a6 16. a4 Nec6 17. Qb3 Qe7 18. Rb1 Nd7 19. Bd2 Rc7 20. Bd3 Ra8 21. f5 Nxd4 22. Nxd4 Nxe5 23. Nce2 Nxg4 24. fxe6 fxe6 25. Nf3 e5 26. Ng5 Nf6 27. Rbe1 Qd6 28. Ne4 Nxe4 29. Bxe4 Kh8 30. Bg2 Re8 31. Nc3 Rc4 32. Rf7 Ba8 33. b5 a5 34. Ref1 Rg4 35. R7f2 e4 36. Ne2 d4 37. Bf4 Qc5 38. Qh3 Qc8 39. Bh6 Rxg2+ 40. Qxg2 Bxh6 41. Rf7 e3 42. Qg3 d3 43. Qd6 Qg4+ 44. Ng3 Qe6 45. Qd4+ Kg8 46. R1f6 Qxf6 47. Rxf6 e2 48. Qc4+ Kh8 49. Re6 Be3+ 50. Rxe3 Rxe3 51. Qd4+ 1-0

[Event "Krasnoyarsk City-ch"]
[Site "Krasnoyarsk"]
[Date "2013.10.11"]
[Round "9"]
[White "Resmyatova, Antonina"]
[Black "Isagov, Nariman"]
[Result "0-1"]
[WhiteElo "1805"]
[BlackElo "2013"]
[PlyCount "112"]
[EventDate "2013.10.03"]
[EventType "swiss"]
[EventRounds "11"]
[EventCountry "RUS"]
[SourceTitle "EXT 2014"]
[Source "ChessBase"]
[SourceDate "2013.11.20"]
[SourceVersion "1"]
[SourceVersionDate "2013.11.20"]
[SourceQuality "1"]

1. d4 d6 2. Nf3 Nf6 3. c4 g6 4. Nc3 Bf5 5. g3 Bg7 6. Bg2 0-0 7. Nh4 Bc8 8. 0-0 Nc6 9. e4 e5 10. d5 Nd4 11. Be3 Nd7 12. Qd2 c5 13. f4 exf4 14. Bxf4 Ne5 15. b3 Bf6 16. Nf3 Nexf3+ 17. Bxf3 Nxf3+ 18. Rxf3 Bg4 19. Rf2 g5 20. Be3 Bh3 21. Rc1 h6 22. Qe2 Kg7 23. Qh5 Bxc3 24. Rxc3 Bd7 25. Rc1 f6 26. Rcf1 Qe7 27. Re2 Rf7 28. Bc1 b5 29. h4 Qe5 30. hxg5 hxg5 31. Rh2 Qxg3+ 32. Rg2 Qh3 33. Rxg5+ Kf8 34. Qg6 Ke7 35. Rg3 Qh7 36. Qxh7 Rxh7 37. Bb2 Rf8 38. Rgf3 Rg8+ 39. Kf2 Rh2+ 40. Ke1 Rxb2 41. Rxf6 Rb1+ 42. Ke2 Rxf1 43. Rxf1 Rg2+ 44. Kd3 Rxa2 45. Re1 b4 46. Rh1 Rb2 47. Rh7+ Kd8 48. Rh8+ Kc7 49. e5 dxe5 50. Ke4 Rxb3 51. Kxe5 Re3+ 52. Kf6 Re8 53. Rh2 a5 54. Ra2 a4 55. Kf7 b3 56. Rb2 Re3 0-1

[Event "Krasnoyarsk City-ch"]
[Site "Krasnoyarsk"]
[Date "2013.10.09"]
[Round "7"]
[White "Molokanov, Alexander"]
[Black "Isagov, Nariman"]
[Result "1-0"]
[WhiteElo "2024"]
[BlackElo "2013"]
[PlyCount "99"]
[EventDate "2013.10.03"]
[EventType "swiss"]
[EventRounds "11"]
[EventCountry "RUS"]
[SourceTitle "EXT 2014"]
[Source "ChessBase"]
[SourceDate "2013.11.20"]
[SourceVersion "1"]
[SourceVersionDate "2013.11.20"]
[SourceQuality "1"]

1. d4 d6 2. e4 Nf6 3. Bd3 e5 4. c3 Be7 5. f4 0-0 6. Nf3 Re8 7. 0-0 Nbd7 8. fxe5 dxe5 9. Qb3 Nc5 10. Qc2 Nxd3 11. Qxd3 exd4 12. cxd4 c5 13. d5 Bd6 14. Nc3 a6 15. a4 b6 16. Bg5 h6 17. Bh4 g5 18. Bf2 Ng4 19. Rae1 Qc7 20. e5 Nxe5 21. Nxe5 Rxe5 22. Ne4 Bf5 23. Bg3 Bxe4 24. Rxe4 Rxe4 25. Qxe4 Rd8 26. Bxd6 Qxd6 27. Rf5 b5 28. h4 Qg6 29. axb5 axb5 30. hxg5 hxg5 31. Qe5 f6 32. Rxf6 Qb1+ 33. Rf1 Qg6 34. Qe7 Re8 35. Qxc5 Qd3 36. d6 Qe3+ 37. Qxe3 Rxe3 38. Rd1 Re8 39. Rd5 Rd8 40. Rxg5+ Kf7 41. Rd5 Ke6 42. Rd2 b4 43. Kf2 Rxd6 44. Rxd6+ Kxd6 45. Ke3 Ke5 46. Kd3 Kd5 47. g4 Ke5 48. Kc4 Kf4 49. Kxb4 Kxg4 50. Kc5 1-0

[Event "Krasnoyarsk City-ch"]
[Site "Krasnoyarsk"]
[Date "2013.10.03"]
[Round "1"]
[White "Tikhomirov, Alexey"]
[Black "Isagov, Nariman"]
[Result "1-0"]
[WhiteElo "2215"]
[BlackElo "2013"]
[PlyCount "67"]
[EventDate "2013.10.03"]
[EventType "swiss"]
[EventRounds "11"]
[EventCountry "RUS"]
[SourceTitle "EXT 2014"]
[Source "ChessBase"]
[SourceDate "2013.11.20"]
[SourceVersion "1"]
[SourceVersionDate "2013.11.20"]
[SourceQuality "1"]

1. Nf3 d6 2. g3 e5 3. d3 f5 4. Bg2 Nf6 5. 0-0 Be7 6. c3 0-0 7. Qb3+ Kh8 8. Ng5 d5 9. e4 h6 10. Nf3 Nbd7 11. Nh4 Nc5 12. Qd1 Kh7 13. exf5 Ng8 14. b4 Na6 15. Ng6 Rxf5 16. Nxe7 Nxe7 17. b5 Nc5 18. Ba3 b6 19. Nd2 Bb7 20. Nb3 Ne6 21. c4 Ng6 22. Qg4 Rf6 23. Rae1 Ngf4 24. gxf4 Nxf4 25. Rxe5 Nxg2 26. Be7 Qc8 27. Qxc8 Rxc8 28. Bxf6 gxf6 29. Re7+ Kg6 30. c5 Kf5 31. Kxg2 Rg8+ 32. Kf3 bxc5 33. Nxc5 Ba8 34. d4 1-0